LEADER 01561nam a2200349 u 4500 001 000000054714 003 CaOOAMICUS 005 20070226115714.0 008 001221s2000 gw u000 u eng u 020 $a3161473949 035 $a10864368 040 $aIPA$bita 100 1 $aElliott, Mark W.,$d1965-$0(OLS)http://pul/name/38691 245 14$aThe song of songs and christology in the early church 381-451 /$cMark W. Elliott. 260 $aTübingen :$bMohr Siebeck,$cc2000. 300 $ax, 206 p. ;$c24 cm 490 1 $aTexte und Studien zu Antike und Christentum ;$v7 500 $aComprende riferimenti bibliografici (p. 168-196) e indice. 502 $aDiss. -- University of Cambridge, 1997. 600 04$aIesus Christus.$0(OLS)http://pul/subject/207 630 04$aBiblia.$pV.T.$pCanticum canticorum$xCritica e interpretazione.$0(OLS)http://pul/subject/687 710 2 $aUniversity of Cambridge.$0(OLS)http://pul/name/14021 830 0$aTexte und Studien zu Antike und Christentum ;$v7.$0(OLS)http://pul/title/73331 850 $aPUL 852 $aPUL$W1$xSL Religione 3$y85$m270. 2 ELLMA 1$j72034$nBK-PRI$b $qDDC 21$B72034$CPULBib$Z2$F72034 $HPUL98679 $81 941 1 $a9 960 $aCristologia$9207 960 $aCristologia$9207 960 $aGesù Cristo$9207 996 $6020$a3161473949$9(OLS)http://pul/number/68872 996 $6245$aThe song of songs and christology in the early church 381-451$9(OLS)http://pul/title/73330 996 $6260$aTübingen :$bMohr Siebeck$9(OLS)http://pul/publisher/52004 LEADER 01338nam a2200301 a 4500 001 000000127542 003 CaOOAMICUS 005 20120220094037.0 008 120208s2011 it a u000 u ita r 040 $aPUL$bita 082 04$a930 245 03$aLe civiltà del Vicino Oriente :$barti visive, scienze e tecniche, musica. 260 $aMilano :$bR.C.S. Libri,$c2011. 300 $a607 p. :$bill. ;$c22 cm. 490 1 $aLa grande storia.$aL'antichità ;$v2 500 $aEdizione speciale per il Corriere della Sera. 500 $aSul front: "L'antichità" a cura di Umberto Eco. 650 4$aStoria$vEnciclopedie.$0(OLS)http://pul/subject/13958 651 4$aOriente$xAntichità$xStoria.$0(OLS)http://pul/subject/11472 700 1 $aEco, Umberto,$d1932-2016.$0(OLS)http://pul/name/11020 830 3$aLa grande storia.$pL'antichità ;$v2.$0(OLS)http://pul/title/161161 850 $aPUL 852 $aPUL$W1$xSL Cons. Gen., Altre Classi 1$y1$m1391 A 38.2$j147573$qStampati$B146204$CPULBib$Z2$F146204 $H118428 $82 941 1 $a8 996 $6082$a930$9(OLS)http://pul/classification/398 996 $6245$aLe civiltà del Vicino Oriente :$barti visive, scienze e tecniche, musica$9(OLS)http://pul/title/161162 996 $6260$aMilano :$bR.C.S. Libri$9(OLS)http://pul/publisher/74600